000 00434nam a2200181Ia 4500
003 STCL
008 221019s9999 xx 000 0 und d
020 _a9780877790327
_qHB
040 _aSTCL
_cSTCL
_bEN
082 _222
100 _aMerriam Webster
245 0 _aWebster's dictionary of English usage
260 _bMerriam- Webster
_aUSA
_c1989
300 _a978 p
365 _b1930
546 _aEnglish
942 _cBK
_2DDC
_e22
999 _c87914
_d87914